| 000 | 006120000a22001810004500 | ||
|---|---|---|---|
| 003 | MACL | ||
| 005 | 20160506111010.0 | ||
| 008 | 160506b xxu||||| |||| 00| 0 eng d | ||
| 040 |
_aMACL _cMACL |
||
| 041 | _aHindi | ||
| 082 | _a800 YAD | ||
| 100 |
_aयादव, के सी _955399 |
||
| 245 |
_aमौलाना अबुल कलाम आजाद _bचुनिंदा लेख और अभिभाषण |
||
| 260 |
_bअनामिका पब्लिशर्स _c2004 _aनई दिल्ली |
||
| 350 | _a500 | ||
| 650 |
_aLiterature _955400 |
||
| 942 |
_cHIN _k800/YAD/L _2ddc |
||
| 999 |
_c10068 _d10068 |
||